01360 a2200193 45000010006000000050017000060080041000230030015000640400040000790800095001192450047002142640036002613000019002975050656003161000016009727000022009887000023010108560133010332491020260407155531.0260407a1968 arg spa dAR-UNSa-BCEJYS aAR-UNSa-BCEJYSbspacAR-UNSa-BCEJYS a330.8xHistoria de las teorías, Doctrinas, Dogmas económicos (pensamiento económico)10aLa teoría económica en retrospección 1aBarcelona :bLuis Miraclec1968 a907 p.c22 cm. a1. La economía preadamita - 2. Adam Smith - 3. Población, rendimientos decrecientes y renta - 4. El sistema de Ricardo - 5. La ley de Say y la teoría monetaria clásica - 6. John Stuart Mill - 7. Economía marxista - 8. Jevons y la revolución marginal - 9. Economía marshalliana: utilidad y demanda - 10. Economía marshalliana: coste y oferta - 11. La teoría de la distribución basada en la productividad marginal - 12. La teoría austríaca del capital y del interés - 13. El equilibrio general y la economía del bienestar - 14. Teoría neoclásica del dinero, el interés y los precios - 15. Keynes "versus" los clásicos1 aBlaug, Mark1 aEstartús, Mario1 aArau, José Maria41uhttps://biblioeco.unsa.edu.ar/pmb/images/libros/La teoria Economica en retrospeccion (l23422).jpgyImagen de portadaqimage/jpeg